Stanovenie kyselín molekulovou absorpčnou spektrometriou s vysokým rozlíšením diplomova práca

Na minha lista:
Detalhes bibliográficos
Autor principal: Kupec, Daniel
Formato: Livro
Idioma:eslovaco
Publicado em: Bratislava STU FCHPT 2018
Acesso em linha:View in OPAC
Tags: Adicionar Tag
Sem tags, seja o primeiro a adicionar uma tag!

MARC

LEADER 00000nam a2200000 a 4500
005 20260127134033.0
008 180828 2018 xo a 001 0 slo d
035 |a vtls011774917 
039 9 |y 201808280922  |z mschk03 
040 |a STUSCHK1  |b slo  |c STUSCHK1  |e AACR2 
100 1 |a Kupec, Daniel 
245 1 |a Stanovenie kyselín molekulovou absorpčnou spektrometriou s vysokým rozlíšením  |b diplomova práca  |c Daniel Kupec 
260 |a Bratislava  |b STU FCHPT  |c 2018 
300 |a 44 s.  |b il.  |c 25 cm 
500 |a Študijný program: chémia, medicínska chémia a chemické materiály 
500 |a Študijný odbor: chemické technológie 
500 |a Školiace pracovisko: Ústav analytickej chémie 
500 |a Evid. číslo: FCHPT-13569-81952 
910 |a SCHK95 
999 |c 2609  |d 2609